| 000 | 01238nam a2200277 i 4500 | ||
|---|---|---|---|
| 001 | bgj | ||
| 245 | 0 | 0 |
_aInformation ethics : _bconcerns for librarianship and the information industry : proceedings of the twenty-seventh annual symposium of the graduate alumni and faculty of the Rutgers School of Communication, Information, and Library Studies, 14 April 1989 / _cedited by Anne P. Mintz ; Jana Varlejs, series editor. |
| 260 |
_aJefferson, NC ; _aLondon : _bMcFarland & Company, Inc., _cc. 1990. |
||
| 300 |
_aIX, 86 pp ; _c22 cm. |
||
| 505 | _aIncludes bibliographical references. | ||
| 650 | 9 |
_aLibrarians _xProfessional ethics |
|
| 650 | 9 |
_aInformation scientists _xProfessional ethics |
|
| 650 | 9 |
_aLibrary science _xMoral and ethical aspects |
|
| 650 | 9 |
_aInformation technology _xMoral and ethical aspects |
|
| 650 | 9 |
_aInformation science _xMoral and ethical aspects |
|
| 655 | _aCongresses | ||
| 700 | 1 |
_aMINTZ, Anne P. _eeditor |
|
| 700 | 1 |
_aVARLEJS, Jana. _eseries editor |
|
| 710 | p | 0 | _aRutgers University. School of Communication, Information, and Library Studies |
| 020 | _a0899505147 | ||
| 040 | _cBPK | ||
| 041 | 0 | _aeng | |
| 920 | _a089950-514-7 | ||
| 942 | _cKS | ||
| 008 | s uk f |000 0 eng | ||
| 999 |
_c47906 _d47906 |
||
| 856 |
_uhttp://koha.tu.koszalin.pl/cgi-bin/koha/opac-detail.pl?biblionumber=47906 _yKatalog online BPK |
||